000
00273nam a22001217a 4500
008
170502b xxu||||| |||| 00| 0 eng d
041
_a
eng
080
_2
12TH
_a
343.9
100
_a
14
101
_a
SHJ
245
_a
MODERN CRIMINAL PROCEDURE
_c
KAMISAR, Y
942
_2
udc
_c
BK
999
_c
12364
_d
12364